|
|
|
|
| LEADER |
01474nam a2200397 a 4500 |
| 001 |
nkc20122397927 |
| 003 |
CZ PrNK |
| 005 |
20130404104155.0 |
| 007 |
ta |
| 008 |
120919s2013 xr g 000 f cze |
| 015 |
|
|
|a cnb002397927
|
| 020 |
|
|
|a 978-80-242-3763-3
|q (váz.)
|
| 035 |
|
|
|a (OCoLC)837501531
|
| 040 |
|
|
|a OLA001
|b cze
|
| 041 |
1 |
|
|a cze
|h rus
|
| 072 |
|
7 |
|a 821.161.1
|x Ruská literatura, rusky psaná
|2 Konspekt
|9 25
|
| 080 |
|
|
|a 821.161.1-31
|2 MRF
|
| 080 |
|
|
|a (0:82-312.4)
|2 MRF
|
| 100 |
1 |
|
|a Gluchovskij, Dmitrij Aleksejevič,
|d 1979-
|7 xx0116739
|4 aut
|
| 245 |
1 |
0 |
|a Soumrak /
|c Dmitry Glukhovsky ; [z ruského originálu ... přeložil Rudolf Řežábek]
|
| 250 |
|
|
|a Vyd. 1.
|
| 260 |
|
|
|a Praha :
|b Knižní klub,
|c 2013
|
| 300 |
|
|
|a 341 s. ;
|c 24 cm
|
| 655 |
|
7 |
|a ruské romány
|7 fd133320
|2 czenas
|
| 655 |
|
7 |
|a thrillery (romány)
|7 fd184206
|2 czenas
|
| 655 |
|
9 |
|a Russian fiction
|2 eczenas
|
| 655 |
|
9 |
|a thrillers (novels)
|2 eczenas
|
| 765 |
0 |
|
|t Sumerki
|9 Česky
|
| 856 |
4 |
1 |
|u http://www.digitalniknihovna.cz/mzk/uuid/uuid:740f24a0-8372-11e8-9690-005056827e51
|y Digitalizovaný dokument
|x NDK
|
| 910 |
2 |
|
|a BOA001
|b 2-1300.993
|
| 928 |
9 |
|
|a Euromedia Group - Knižní klub
|
| 990 |
|
|
|a BK
|
| 995 |
|
|
|a 01
|
| 991 |
|
|
|b 201303
|e b
|
| 996 |
6 |
|
|b 2610541671
|c 2-1300.993
|l MZK
|r Sklad / do 1 hodiny
|n 1
|p p.v.
|w 001316601
|u 000010
|a 1
|e BOA001
|j MZK50
|s P
|
| 996 |
7 |
|
|b 2610544176
|c 2-1300.993
|l MZK
|r Sklad / do 1 hodiny
|n 22
|p kup
|w 001316601
|u 000020
|a 1
|e BOA001
|j MZK50
|s A
|